000 00924nmc a2200325 a 4500
003 AR-BaBNM
005 20251128202735.0
008 057019s1992 ||||||||||||||000 | spa||
020 _a84-7100-596-4
040 _cAR-BaBNM
100 1 _aGómez Hoyos, Rafael
245 1 0 _aLa independencia de Colombia
250 _a1ª ed.
260 _aMadrid
_bMapfre
_c1992
300 0 _a380 p.
490 0 _aIndependencia de Iberoamérica
_vv. 11
500 0 _aApéndices para consultar p. 331-367.
650 4 _aPERIODO HISPANICO
650 4 _aMOVIMIENTOS EMANCIPADORES LATINOAMERICANOS
650 4 _aFEDERALISMO
650 4 _aHISTORIA POLITICA
651 4 _aColombia
653 0 _aINDEPENDENCIAS AMERICANAS
653 0 _aHISTORIA COLOMBIANA
700 1 _aGonzález, Marta
_ecolaborador
800 1 _aGallego, José Andrés
_ecoordinador
800 1 _aRamos, Demetrio
_edirector
942 _cBK
998 _cmariana
999 _c344
_d344